|
|
|
|
| LEADER |
01065nam a2200289 a 4500 |
| 001 |
1770 |
| 003 |
BD-DhAAL |
| 005 |
20150416101542.0 |
| 008 |
150416s1995 cau b 001 0 eng |
| 010 |
|
|
|a 94028197
|
| 020 |
|
|
|a 1565102320 (pbk.) :
|c $9.95
|
| 020 |
|
|
|a 1565102339 (library) :
|c $17.95
|
| 040 |
|
|
|a DLC
|c DLC
|d DLC
|d BD-DhAAL
|
| 050 |
0 |
0 |
|a KZ6368
|b .I554 1995
|
| 082 |
0 |
0 |
|a 341.5/84
|2 20
|
| 245 |
0 |
0 |
|a Interventionism /
|c Paul A. Winters, book editor.
|
| 260 |
|
|
|a San Diego, CA :
|b Greenhaven Press,
|c 1995.
|
| 300 |
|
|
|a 251 p. ;
|c 24 cm.
|
| 490 |
|
|
|a Current controversies
|
| 504 |
|
|
|a Includes bibliographical references (p. 233-251) and index.
|
| 541 |
|
|
|e 1770
|
| 650 |
|
0 |
|a Intervention (International law)
|9 10457
|
| 650 |
|
1 |
|a Intervention (International law)
|9 10458
|
| 700 |
1 |
|
|a Winters, Paul A.,
|d 1965-
|9 10459
|
| 942 |
|
|
|2 ddc
|c BK
|
| 999 |
|
|
|c 34249
|d 34249
|
| 952 |
|
|
|0 0
|1 0
|2 ddc
|4 0
|6 341_584000000000000_INT
|7 0
|9 53468
|a SCL
|b SCL
|c GEN
|d 2015-04-16
|e Gift: The Asia Foundation
|l 2
|m 5
|o 341.584 INT
|p 3020001770
|r 2025-07-01
|s 2025-06-28
|t 1
|w 2015-04-16
|y BK
|